I eat well (Record no. 118173)

MARC details
000 -LÍDER
campo de controle de tamanho fixo 00892 a2200277 4500
001 - NÚMERO DE CONTROLE
campo de controle 118173
020 ## - ISBN - INTERNATIONAL STANDARD BOOK NUMBER
ISBN - International Standard Book Number 9781515739876
020 ## - ISBN - INTERNATIONAL STANDARD BOOK NUMBER
Informação qualificadora (Broch.)
041 ## - CÓDIGO DE IDIOMA
Código do idioma do texto/trilha sonora ou título diferente eng
082 ## - CDD - CLASSIFICAÇÃO DECIMAL DE DEWEY
Número de Classificação 613.2
040 ## - FONTE DA CATALOGAÇÃO
Instituição da catalogação original BR-BrIDEA
Instituição que transcreveu o registro BR-BrIDEA
090 ## - NÚMERO DE CHAMADA LOCAL
Número de chamada (OCLC) (R); Número de chamada, CALL (RLIN) (NR) A IB Year 1 613
Número Cutter local (OCLC); Número de classificação do livro, CALL (RLIN) RUS
100 ## - ENTRADA PRINCIPAL--NOME PESSOAL
Nome pessoal Rustad, Martha E. H.
245 10 - TÍTULO
Título I eat well
Indicação de responsabilidade, etc. Martha E.H. Rustad.
260 ## - PUBLICAÇÃO, DISTRIBUIÇÃO, ETC.
Local de publicação, distribuição, etc. North Mankato, Minnesota
Nome do editor, distribuidor, etc. Capstone Press, a Capstone imprint
Data da publicação, distribuição, etc. [2017]
300 ## - DESCRIÇÃO FÍSICA
Extensão 24 pages
Outros detalhes físicos color illustrations
Material de acompanhamento 19 cm
490 ## - TÍTULO DA SÉRIE
Título da série Little pebble. Healthy me
500 ## - NOTA GERAL
Nota geral IB program. Uso restrito aos professores.
520 ## - NOTA DE RESUMO, ETC
Resumo, etc. Learning to eat well is a tough job! Carefully leveled text allows the youngest readers to read independently and learn all about eating well.
521 ## - NOTA DO PÚBLICO ALVO
Nota de público alvo Year 1
697 ## - ENTRADA DE ASSUNTO LOCAL--ENTIDADE COLETIVA (RLIN)
Nome corporativo ou nome da jurisdição Nutrition
697 ## - ENTRADA DE ASSUNTO LOCAL--ENTIDADE COLETIVA (RLIN)
Nome corporativo ou nome da jurisdição Health
697 ## - ENTRADA DE ASSUNTO LOCAL--ENTIDADE COLETIVA (RLIN)
Nome corporativo ou nome da jurisdição Juvenile literature
856 ## - LOCALIZAÇÃO ELETRÔNICA E ACESSO
Uniform Resource Identifier <a href="00002f/00002f00.jpg">00002f/00002f00.jpg</a>
942 ## - ELEMENTOS DE ENTRADA ADICIONADOS (KOHA)
Tipo de material Koha Livros
Holdings
Situação do descarte Situação das perdas Fonte da classificação ou esquema de arquivamento na estante Situação física Não pode ser emprestado Biblioteca de origem Biblioteca atual Data de aquisição Total de empréstimos Número de chamada completo Código de barras Data de último acesso Data do preço efetivo Tipo de material Koha
    Classificação Decimal de Dewey     ECB - SUDOESTE ECB - SUDOESTE 24/03/2022   IB Year 1 613 RUS 00057638SSW 23/01/2024 23/01/2024 Textbook
    Classificação Decimal de Dewey     ECB - SUDOESTE ECB - SUDOESTE 24/03/2022   IB Year 1 613 RUS 00057639SSW 23/01/2024 23/01/2024 Textbook
    Classificação Decimal de Dewey     ECB - SUDOESTE ECB - SUDOESTE 24/03/2022   IB Year 1 613 RUS 00057640SSW 23/01/2024 23/01/2024 Textbook
    Classificação Decimal de Dewey     ECB - SUDOESTE ECB - SUDOESTE 24/03/2022   IB Year 1 613 RUS 00057641SSW 23/01/2024 23/01/2024 Textbook
    Classificação Decimal de Dewey     ECB - ÁGUAS CLARAS ECB - ÁGUAS CLARAS 23/03/2022   AIB Year 1 613 RUS 00057502AGC 23/01/2024 23/01/2024 Textbook
    Classificação Decimal de Dewey     ECB - ÁGUAS CLARAS ECB - ÁGUAS CLARAS 23/03/2022   AIB Year 1 613 RUS 00057503AGC 23/01/2024 23/01/2024 Textbook